000 01136cam a2200289 4500
008 040308n2003 000 0 eng u
020 _a0415289653
020 _a0203398289
035 _a(Sirsi) u125360
041 _aeng
050 _a658.99
_c18
100 _aCain, C.
245 _aBuilding down barriers
_ba guide to construction best practice
260 _aLondon
_bSpon
_c2003
300 _axii, 139p.
_c20cm.
350 _a22.50
520 _aAimed at members of the design and construction supply chain. This book explains and compares the main aspects of the three best practice standards: the Confederation of Construction Clients "Charter handbook"; The National Audit Office report "Modernising construction"; and the Department of Media, Culture and Sport report "Better public buildings." Also examines similar developments in the USA and Singapore.
650 _aBUILDING DOWN BARRIERS
650 _aBEST PRACTICE
650 _aUNITED STATES
650 _aSINGAPORE
650 _aProcurement-old
650 _aLATHAM REFORMS
650 _aEGAN REFORMS
690 _aProcurement
_96260
942 _n0
999 _c103377
_d103377